Southville International School and Colleges
Your cart is empty.
  • Cart
  • Lists
    Public lists Eva Luna New books Lux_list list_1
    Your lists Log in to create your own lists
  • Log in to your account
  • Your cookies
  • Search history
Southville International School and Colleges
  • Advanced search
  • Recent comments
  • Most popular
  • Libraries

Log in to your account

Log in with GOOGLE


If you do not have an external account, but do have a local account, you can still log in:

  1. Home
  2. MARC view: A ghost tale for Christmas time
Normal view MARC view ISBD view

A ghost tale for Christmas time (Record no. 365022)

[ view plain ]
MARC details
000 -LEADER
fixed length control field 00638nam a22001817a 4500
003 - CONTROL NUMBER IDENTIFIER
control field 0
005 - DATE AND TIME OF LATEST TRANSACTION
control field 20230619132147.0
008 - FIXED-LENGTH DATA ELEMENTS--GENERAL INFORMATION
fixed length control field 230619b xxu||||| |||| 00| 0 eng d
020 ## - INTERNATIONAL STANDARD BOOK NUMBER
International Standard Book Number 978-0-375-85653-2
082 ## - DEWEY DECIMAL CLASSIFICATION NUMBER
Classification number Fic.
Item number .Os73 2010
245 ## - TITLE STATEMENT
Title A ghost tale for Christmas time
Statement of responsibility, etc Mary Pope Osborne
260 ## - PUBLICATION, DISTRIBUTION, ETC. (IMPRINT)
Place of publication, distribution, etc New York City
Name of publisher, distributor, etc Random House, Inc.
Date of publication, distribution, etc c2010
300 ## - PHYSICAL DESCRIPTION
Extent 113pp.
Other physical details ill.
Dimensions 19cm.
500 ## - GENERAL NOTE
General note Time travel-Fiction.
500 ## - GENERAL NOTE
General note Magic-Ficiton.
520 ## - SUMMARY, ETC.
Summary, etc Jack and Annie travel back to Victorian London when Merlin asks them to use their magic to inspire Charles Dickens to write "A Christmas Carol".
942 ## - ADDED ENTRY ELEMENTS (KOHA)
Source of classification or shelving scheme Dewey Decimal Classification
Koha item type Books
Holdings
Withdrawn status Lost status Source of classification or shelving scheme Damaged status Home library Current library Shelving location Date acquired Source of acquisition Sub Shelving location Total Checkouts Full call number Barcode Date last seen Price effective from Koha item type
    Dewey Decimal Classification   Munich Library Munich Library Fiction Section 06/19/2023 Library Fund     Fic. Os73 2010 M8067 06/19/2023 06/19/2023 Books

A ghost tale for Christmas time

APA

(2010). A ghost tale for Christmas time. New York City: Random House, Inc.

Chicago

2010. A ghost tale for Christmas time. New York City: Random House, Inc.

Harvard

(2010). A ghost tale for Christmas time. New York City: Random House, Inc.

MLA

A ghost tale for Christmas time. New York City: Random House, Inc. 2010.

  • Place hold
  • Print
  • Cite
  • Add to your cart (remove)
  • Save record
    BIBTEX Dublin Core MARCXML MARC (non-Unicode/MARC-8) MARC (Unicode/UTF-8) MARC (Unicode/UTF-8, Standard) MODS (XML) RIS
  • More searches
    Search for this title in:
    Other Libraries (WorldCat) Other Databases (Google Scholar) Online Stores (Bookfinder.com) Open Library (openlibrary.org)

Exporting to Dublin Core...

SOUTHVILLE LIBRARY

Southville International School and Colleges Library

1281 Tropical Ave. Cor. Luxembourg St., BF Homes International, Las Pinas City

Tel. No. 8256374 / 252358 Loc. 117/146

Powered by Koha